Sobre 10 años de revolución /
Guardado en:
| Hovedforfatter: | |
|---|---|
| Format: | Ukendt |
| Sprog: | Spanish |
| Fag: | |
| Tags: |
Tilføj Tag
Ingen Tags, Vær først til at tagge denne postø!
|
MARC
| LEADER | 000000000a22000000004500 | ||
|---|---|---|---|
| 001 | 002327 | ||
| 041 | 0 | |a spa | |
| 100 | 1 | |a Jitrik, Noé, |d 1928- | |
| 245 | 1 | 0 | |a Sobre 10 años de revolución / |c Noé Jitrik. |
| 310 | |a bimestral | ||
| 650 | 4 | |a REVOLUCION CUBANA | |
| 650 | 4 | |a INTELECTUALIDAD COMUNISTA | |
| 773 | 0 | |x 008-7157 |d Cuba : Editorial Casa de las Américas |t Casa de las Américas |g número 51-52 (1968-1969), páginas 66-68 | |
| 942 | |c ARC | ||
| 999 | |c 9847 |d 9847 | ||
